000
00339nam a22001457a 4500
008
230405b |||||||| |||| 00| 0 eng d
020
_a
978-1-529-15024-7
082
_a
813.54
100
_a
Kiersten White
245
_a
Hide
260
_b
Delrey,
_c
2022
300
_a
240 p.
_c
23 cm
942
_2
ddc
999
_c
9503
_d
9504